Kosaphysiologyum jeevarasa tantram (Record no. 22829)

MARC details
000 -LEADER
fixed length control field 00383nam a2200133Ia 4500
082 ## - DEWEY DECIMAL CLASSIFICATION NUMBER
Classification number 576.32/.36+577.1
Item number MCE
100 ## - MAIN ENTRY--AUTHOR NAME
Personal name Mcelroy, Willim D
245 #0 - TITLE STATEMENT
Title Kosaphysiologyum jeevarasa tantram
260 ## - PUBLICATION, DISTRIBUTION, ETC. (IMPRINT)
Place of publication Trivandrum
Name of publisher State Institute of Language
Year of publication 1973
650 ## - SUBJECT ADDED ENTRY--TOPICAL TERM
Topical Term Alcoholic fermentation
650 ## - SUBJECT ADDED ENTRY--TOPICAL TERM
Topical Term Cell physiology
942 ## - ADDED ENTRY ELEMENTS (KOHA)
Koha item type Books
Holdings
Withdrawn status Lost status Damaged status Not for loan Home library Current library Shelving location Date acquired Full call number Accession Number Koha item type
        RRII Library RRII Library Malayalam 16/12/2021 576.32/.36+577.1 MCE 03540 Books